000 00970 a2200229 4500
005 20260410163008.0
008 260410b |||||||| |||| 00| 0 eng d
020 _a9788173096037 (hbk)
037 _cTB
040 _aCRL
_cCRL
041 _2hin
_ahin
084 _aY592.2 152Q1
_qCRL
100 _aमिश्र, कृष्ण बिहारी
_9863100
245 _aभारत की जातीय पहचान सनातन मूल्य
260 _aनई दिल्ली, भारत:
_bसस्ता साहित्य प्रकाशन मण्डल,
_c2011.
300 _a250पृ.
365 _b350.00
_cINR
650 _aसमाज शास्त्र
650 _aसनातन
_91234696
942 _cTB
_2CC
_hY592.2 152Q1
999 _c1467299
_d1467299